000 04205cam a22012254i 4500
003 PE-LiUPU
005 20250813185529.0
008 150625s r 000 0 d
020 _a9586533834
035 _a(Sirsi) i9789586533836
040 _aPE-LiUPU
_bspa
_cPE-LiUPU
_erda
049 _aPRUA
082 0 4 _a362.0425
_bE15
_221
245 0 0 _aEconomía de la salud basada en la evidencia :
_bde la efectividad a la eficiencia en las revisiones sistemáticas /
_cCam Doaldson, Miranda Mugford y Luke Vale.
264 1 _aBogotá :
_bBMJ,
_c2002.
300 _a185 páginas :
_bilustraciones ;
_c23 centímetros
336 _atext
_2rdacontent
337 _aunmediated
_2rdamedia
338 _avolume
_2rdacarrier
504 _aIncluye referencias bibliográficas.
505 0 _aDe la efectividad a la eficiencia: una introducción a la economía de la salud basada en la evidencia. -Uso de revisiones sistemáticas en la evaluación económica: principios básicos. -Revisión de la evidencia económica junto a las revisiones sistemátiacas de efectividadd: el ejemplo del agente tensioactivo neonatal exógeno. -El lugar de los análisis económicos en las revisiones sistemáticas: el punto de vista de un médico clínico. -Evaluación económica basada en la evidencia: impacto del uso de diferentes fuentes de datos en los resultados. -Calidad metodológica de las evaluaciones económicas de las intervenciones de atención en salud - evidencia de las revisiones sistemáticas. -Estimados de efectividad en evaluación económica. -Lista de criterios para realizar revisiones sistemáticas basadas en estudios de evaluación económica - el proyecto CHEC. -Evaluación de las intervenciones económicas: ¿un papel para los diseños no aleatorizados?. -Para que el problema encaje en la solución: la toma de deciciones basada en la evidencia y la economía "Dolly". -La medicina basada en la evidencia se encuentra con la evaluacion ecnómica - una agenda para la investigación. .
526 _aP202
526 _aP201
526 _aP163
526 _aP162
526 _aP161
526 _aP160
526 _aP148
526 _aP147
526 _aP146
526 _aP145
526 _aP144
526 _aP143
526 _aP142
526 _aP141
526 _aP140
526 _aP139
526 _aP138
526 _aP137
526 _aP136
526 _aP135
526 _aP134
526 _aP133
526 _aP129
526 _aP128
526 _aP127
526 _aP120
526 _aP119
526 _aP118
526 _aP116
526 _aP115
526 _aP114
526 _aP110
526 _aP109
526 _aP108
526 _aP104
526 _aP103
526 _aP102
526 _aP99
526 _aP98
526 _aP97
526 _aP96
526 _aP95
526 _aP93
526 _aP90
526 _aP89
526 _aP88
526 _aP83
526 _aP82
526 _aP62
526 _aP59
526 _aP58
526 _aP57
526 _aP51
526 _aP49
526 _aP48
526 _aP47
526 _aP29
526 _aP24
526 _aP20
526 _aP19
526 _aP17
526 _aP15
526 _aP14
526 _aP12
526 _aP10
526 _aP09
526 _aP08
526 _aP07
526 _aP06
526 _aP05
526 _aP04
526 _aP01
541 _g002-0000324;
650 0 4 _aSalud
_xAspectos sociales.
650 0 4 _aSalud
_xCostos.
650 0 4 _aServicios de salud para la comunidad.
700 1 _aDonaldson, Cam,
_eeditor.
910 _bjv
_clch
_d20080109
942 _2ddc
_cBOOK
949 _a362.0425 E15
_wDEWEY
_c1
_i57744
_lCCODEBUL1
_mBUL
_p56.00
_r0
_sY
_tBOOK
_u2015-6-25
_xSALUD
_PP22
_0COMPRA
_o.STAFF. Colección General
994 _aC0
_bPEPRU
596 _a1
999 _a362.0425 E15
_wDEWEY
_c46751
_i57744
_f2021-11-5
_g5
_lCCODEBUL1
_mBUL
_p56.00
_r0
_sY
_tBOOK
_u2015-6-25
_xBIBLIOTECA
_PP22
_0COMPRA
_o.STAFF. Colección General
_d46751
980 _81
_gALBERTO SANCHEZ Responsable de Automatización